Statistiques concernant Culture générale en chanson #1 : Pourvu

Cliquez ici pour prendre le quiz!

Statistiques générales

  • Ce quiz a été pris 183 fois
  • Le résultat moyen est 4 sur 10

Statistiques - réponses

IndicesRéponses% Correct
Citez Le Dîner de consIl s'appelle {Juste} Leblanc.
78%
Homme politique de gauche, arrivé troisième au premier tour de l'élection présidentielle de 2022, ayant appelé à ce qu'on ne vote pas pour la pesteJean-Luc Mélenchon
76%
Citez quelques jurons de Haddock
71%
Candidate à cette même élection qui, malgré un parti commun, ne penche pas trop vers Morano, cette dernière associant sa campagne à des "conneries"Valérie Pécresse
56%
Première ville a laquelle se consacrèrent les cartes Michelin, où se situe le siège historique de l'entrepriseClermont-Ferrand
41%
Compositeur à l'origine de la BO d'Amélie PoulainYann Tiersen
34%
Antagoniste dans les films Arthur et les Minimoys, avec la voix de Gérard DarmonMaltazard
30%
Série d'Eric Rochant diffusée sur Canal+ dans laquelle est touchant DarroussinLe Bureau des légendes
13%
Pokémon de septième génération créé pour être le sosie de Donald TrumpManglouton
11%
Qui est Leprest?Poète/Parolier/Chanteur
11%

Distribution des résultats

Percentile par nombre de réponses

% des personnes avec chaque résultat

Votre développement - résultats

Vous n’avez pas pris ce quiz